000 00630cam a22002171 04500
001 44823
090 _a44823
100 _a19920508d1978 m y0pory5003 ba
101 1 _apor
102 _aPT
200 1 _aMissão trágica
_fSerge Laforest
_gtrad. João Costa
205 _a1.ª ed.
210 9 _aLisboa
_cCírculo de Leitores,
_d1978
215 _a162, [1] p.
_d19 cm
304 _aTít. orig.: Le cirque de Gaunce
314 _aSerge Laforest - Pseudónimo do escritor francês Serge-Marie Arcouët
675 _a821.133.1-31
700 1 _aLaforest,
_bSerge
702 1 _aCosta,
_bJoão,
_f1948-
_4730
801 0 _aPT
_bBN
_gRPC
990 _cLIVROS